000 01091nam a2200265Ia 4500
003 OSt
005 20221005103953.0
006 a|||||r|||| 00| 0
007 ta
008 221004b |||||||| |||| 00| 0 hin d
020 _a8179170683 (hbk)
_c325
024 _a97260
037 _b1925, 13/03/2009, Pioneer Books Distributors
_cTextual
040 _aCRL
_cCRL
_bhin
041 _2hin
_ahin
082 _aV2:594wL89, 152P5
100 _aकुलकर्णी, अनंत रामचंद्र
245 0 _aजेम्स कनिंघम ग्रांट डफ
246 _aJemsa kaniangham grāanṭa ḍafa
260 _aदिल्ली
_bग्रंथ शिल्पी भारत
_c2005
300 _a220पृ0
_ccm.
700 _a ठकार, निशिकान्त, अनु.
942 _hV2:594wL89, 152P5
_cTEXL
_2cc
999 _c1011407
_d1011407